| 000 | 00790nam a22002417a 4500 | ||
|---|---|---|---|
| 001 | 00260 | ||
| 003 | DO-SdBNP | ||
| 005 | 20180122102807.0 | ||
| 008 | 151204b 1998 flu xxu||||| |||| 00| 0 spa d | ||
| 040 |
_aBPMSU _bspa _cBPMSU |
||
| 041 | 1 | 7 |
_aspa _heng |
| 100 | _aLaHaye, Tim | ||
| 240 | 1 | 0 |
_aLeft behind. _lEspañol. |
| 245 | 1 | 0 |
_aDejados atrás : _b una novela de los postreros días de la tierra. _cTim LaHaye, Jerry B. Jenkins ; traducido al español por Nellyda Pablovsky ; revisión, Alicia Valdéz Dapena. |
| 260 |
_aMiami, Florida : _bUnilit, _c1998. |
||
| 300 |
_a343 p. ; _c17 cm. |
||
| 700 | 1 | 2 | _aJenkins, Jerry B., |
| 700 | 1 | 2 |
_aPablovsky, Nellyda, _etr. |
| 910 | _a00260 | ||
| 942 |
_2ddc _cBK |
||
| 945 | _ainventariado, 2018 / dg | ||
| 956 |
_aLorenza Pérez _b10 |
||
| 999 |
_c9005 _d9005 |
||